Sports Quiz

Random Sports or NFL Quiz

NFL Superbowl Games by Year Quiz Stats

 Plays Quiz not verified by Sporcle

Score 0/21 Timer 10:00
0 Plays Today
Year NFL Team Match Up % Correct
2008Giants VS Patriots
80.4%
2010Saints VS Colts
77.1%
2009Steelers VS Cardinals
76.1%
2007Colts VS Bears
72.5%
2004Patriots VS Panthers
69.6%
2002Patriots VS Rams
67.9%
2005Patriots VS Eagles
67.6%
2000Rams VS Titans
66.7%
2003Buccaneers VS Raiders
65.5%
1993Cowboys VS Bills
64.5%
1994Cowboys VS Bills
64.5%
Year NFL Team Match Up % Correct
2001Ravens VS Giants
62.1%
1998Broncos VS Packers
61.1%
1991Giants VS Bills
58.7%
1997Packers VS Patriots
56.3%
1999Broncos VS Falcons
55.1%
1992Redskins VS Bills
53.9%
1996Cowboys VS Steelers
52.7%
199549ers VS Chargers
48.6%
2006Seahawks VS Steelers
39.9%
1990Broncos VS 49ers
24.4%

You're not logged in!

Compare scores with friends on all Sporcle quizzes.
OR
Log In

Show Comments

Extras

Created Nov 5, 2010ReportNominate
Tags:NFL Quiz, matching, Super Bowl, team

Top Quizzes Today


Score Distribution

Your Account Isn't Verified!

In order to create a playlist on Sporcle, you need to verify the email address you used during registration. Go to your Sporcle Settings to finish the process.

Report this User

Report this user for behavior that violates our Community Guidelines.

Details: